[Event "ROM-ch U14"]
[Site "Calimanesti Caciulata"]
[Date "2019.04.19"]
[Round "6"]
[White "Vasile, Bogdan Mihai"]
[Black "Gligor, Horia Teodor"]
[Result "0-1"]
[WhiteElo "1322"]
[BlackElo "1289"]
[PlyCount "168"]
[EventDate "2019.04.15"]
[EventType "swiss"]
[EventRounds "9"]
[EventCountry "ROU"]
[SourceTitle "CBM 190 Extra"]
[Source "ChessBase"]
[SourceDate "2019.07.15"]
[SourceVersion "1"]
[SourceVersionDate "2019.07.15"]
[SourceQuality "1"]

1. d4 Nc6 2. Nf3 d6 3. c4 Nf6 4. Nc3 g6 5. e3 Bg7 6. Bd3 0-0 7. 0-0 e5 8. a3 exd4 9. exd4 d5 10. c5 Bg4 11. Be3 Re8 12. h3 Be6 13. Re1 Qd7 14. Kf1 Bf5 15. Bxf5 Qxf5 16. g4 Qd7 17. Qd2 Ne4 18. Qc2 Nxc3 19. bxc3 Rac8 20. a4 b6 21. cxb6 cxb6 22. Qb3 h5 23. Nh2 hxg4 24. hxg4 Na5 25. Qb5 Qxb5+ 26. axb5 Rxc3 27. Bd2 Rxe1+ 28. Rxe1 Rb3 29. Re8+ Kh7 30. Kg2 Bxd4 31. Nf3 Bf6 32. Ra8 Rxb5 33. Rxa7 Kg7 34. Ng5 Bxg5 35. Bxg5 d4 36. Bf4 Rd5 37. g5 d3 38. Bd2 Nc4 39. Bc3+ Ne5 40. f4 d2 41. Bxe5+ Rxe5 42. Rd7 Re6 43. Rxd2 b5 44. Rb2 Rb6 45. Kf3 f6 46. Kg4 f5+ 47. Kf3 Kf7 48. Ke3 Ke6 49. Kd4 Kd6 50. Rh2 b4 51. Rh6 Kc7 52. Rh7+ Kc8 53. Rh1 b3 54. Rb1 Kd7 55. Rb2 Kd6 56. Kc4 Rb8 57. Rd2+ Kc6 58. Rb2 Rb7 59. Kd4 Kd6 60. Kc4 Rc7+ 61. Kd4 Rb7 62. Kc4 Rb6 63. Rd2+ Kc6 64. Rb2 Rb8 65. Kd4 Rb4+ 66. Ke5 Kc5 67. Kf6 Rb6+ 68. Ke5 Kc4 69. Rb1 b2 70. Rh1 b1Q 71. Rxb1 Rxb1 72. Kf6 Rb6+ 73. Ke5 Kd3 74. Kd5 Rb5+ 75. Ke6 Ke4 76. Kf6 Rb6+ 77. Kg7 Kxf4 78. Kh6 Kg4 79. Kh7 f4 80. Kh6 f3 81. Kh7 Kxg5 82. Kg8 Rb7 83. Kh8 Kf6 84. Kg8 g5 0-1